Statistics for Exclusion of parts

Click here to take the quiz!

General Stats

  • This quiz has been taken 28 times
    (20 since last reset)
  • The average score is 8 of 13

Answer Stats

HintAnswerHintHintHint% Correct
Official Lauguages of LuxembourgGermanFrenchLuxembourgish
100%
Countries Bordering SpainAndorraPortugalFrance
94%
Countries ending in -stan that border IranAfghanistanTurkmenistanPakistan
88%
Countries Starting with the Letter JJordanJamaicaJapan
71%
Countries ending in -stan that border KazakhstanKyrgyzstanTurkmenistanUzbekistan
71%
US States that have the words "North" "South" "West" or " East" before the name of the state (don't include the words)DakotaVirginiaCarolina
65%
Australian cities with a population over
1 million
MelbourneBrisbanePerthSyndey
65%
Countries that can have the words "North" "South" "West" or "East" before the name of the country(don't include the words)TimorSudanKoreaAfrica
65%
US States bordering MexicoArizonaTexasNew MexicoCalifornia
59%
US States that have the word "New" before the name of the state (don't include the words)HampshireJerseyYorkMexico
53%
Countries with a population bigger than 200 million and lower tham 1 billionPakistanIndonesiaBrazilUnited States of America
47%
Country flags with the UK flag on the cornerTuvaluFijiAustraliaNew Zealand
35%
Official Languages of Equatorial GuineaPortugueseSpanishFrench
29%

Score Distribution

Percentile by Number Answered

Percent of People with Each Score

Your Score History

You have not taken this quiz since the last reset